000 00437nam a2200157Ia 4500
008 220216s9999 xx 000 0 und d
100 _aWycherley P R
245 0 _aTimber strength and anatomical characteristics in Hevea clones
260 _bSingapore Journal of Primary Industries
_c1976
300 _a24-36
500 _aHORT CD 1973-1988
700 _aBalasupramaniam R
700 _aChen K T
700 _aLeong W
942 _cBO
999 _c47956
_d47956